Economic stability in New Zealand.

Bibliographic Details
Main Author: Parker, Robert Stewart
Corporate Author: New Zealand Institute of Public Administration
Format: Book
Language:English
Published: Wellington : New Zealand Institute of Public Administration, 1953.
Subjects:

MARC

Tag First Indicator Second Indicator Subfields
LEADER 00000cam a2200000 4500
001 in00000055516
005 20151008052241.0
008 781102s1953 nz a 00000 eng
010 |a  54021858  
035 |a (OCoLC)04342202 
035 |9 AAH2451AM 
040 |a DLC  |c ABC  |d TXA  |d UtOrBLW 
049 |a TXAM  |c [242129] 
050 0 0 |a HC622  |b .P18 
082 0 |a 338.9931 
092 |a 338.9931  |b P242e 
100 1 |a Parker, Robert Stewart. 
245 1 0 |a Economic stability in New Zealand. 
264 1 |a Wellington :  |b New Zealand Institute of Public Administration,  |c 1953. 
300 |a 146 pages :  |b diagrams ;  |c 23 cm. 
336 |a text  |b txt  |2 rdacontent 
337 |a unmediated  |b n  |2 rdamedia 
338 |a volume  |b nc  |2 rdacarrier 
500 |a "First delivered as addresses to the Fifth Annual Convention of the New Zealand Institute of Public Administration (May, 1952)" 
651 0 |a New Zealand  |x Economic policy. 
710 2 |a New Zealand Institute of Public Administration. 
999 |a MARS 
999 f f |s bf49df56-acb5-3303-b0fe-762b4ed374fe  |i 8878e198-f773-3ef7-97d8-7819c69ed9bd  |t 0 
952 f f |p ric  |a Texas A&M University  |b Rellis Campus  |c Joint Library Facility  |d Remote Storage  |t 0  |e HC622 .P18  |h Library of Congress classification  |i unmediated -- volume  |m A14800776527 
998 f f |a HC622 .P18  |t 0  |l Remote Storage